LEADER 01399nam0 22002891i 450 001 UON00444645 005 20260306020249.420 100 $a20141003d1987 |0itac50 ba 101 $afre 102 $aFR 105 $a|||| ||||| 200 1 $aCartographie et politique dans la Belgique du 19. sie?cle$emate?riaux pour l'histoire nationale et locale$fMarcel Watelet 210 $a[Bruxelles]$cCrédit Communal$d1987 215 $a271 p.$cill., c. di tav. rip.$d33 cm 300 $aEdité en 1987 à l'occasion du 150 anniversaire du Ministère des Travaux Publics. 316 $aTrasferiti da pal. Corigliano. Altro inv. SA 56110$5IT-UONSI VII GEOA/0362 606 $aCartografia$xBelgio$xStoria$3UONC086119$2FI 620 $aBE$dBruxelles$3UONL000128 676 $a912$cAtlanti e carte geografiche$v21 700 1$aWatelet$bMarcel$3UONV223763$0713049 712 $aCrédit Communal$3UONV249827$4650 801 $aIT$bSOL$c20260327$gRICA 899 $aSIBA - SISTEMA BIBLIOTECARIO DI ATENEO E ARCHIVIO STORICO$2UONSI 912 $aUON00444645 950 $aSIBA - SISTEMA BIBLIOTECARIO DI ATENEO E ARCHIVIO STORICO$dSI VII GEO A 0362 $eSI G 8101 5 0362 Trasferiti da pal. Corigliano. Altro inv. SA 56110$sBuono 996 $aCartographie et politique dans la Belgique du 19. sie?cle$91330640 997 $aUNIOR